Die zukunft hat schon begonnen

में बचाया:
ग्रंथसूची विवरण
मुख्य लेखक: Jungk, Robert
स्वरूप: पुस्तक
भाषा:Undetermined
प्रकाशित: Germany Rowohlt 1952
विषय:
टैग : टैग जोड़ें
कोई टैग नहीं, इस रिकॉर्ड को टैग करने वाले पहले व्यक्ति बनें!
Thư viện lưu trữ: Trung tâm Học liệu Trường Đại học Cần Thơ
LEADER 00490nam a2200193Ia 4500
001 CTU_86706
008 210402s9999 xx 000 0 und d
082 |a 910 
082 |b J95 
100 |a Jungk, Robert 
245 0 |a Die zukunft hat schon begonnen 
245 0 |c Robert Jungk 
260 |a Germany 
260 |b Rowohlt 
260 |c 1952 
650 |a Description and travel 
650 |z United states 
904 |i Năm 
980 |a Trung tâm Học liệu Trường Đại học Cần Thơ